| 000 | 00756nam a2200217 a 4500 | ||
|---|---|---|---|
| 001 | 000009053 | ||
| 005 | 20240412074209.0 | ||
| 008 | 090925s2006 dr a 000 p spa d | ||
| 020 | _a994516001X | ||
| 040 |
_aDO-SdBNP _bspa _cBNPHU |
||
| 082 |
_aRD861.44 _bC957po |
||
| 100 | 1 |
_aCruz Portes, Eduardo Antonio, _d1929 - _923698 |
|
| 245 | 1 | 0 |
_aPoemas para todas las estaciones / _cEduardo Antonio Cruz Portes ; prólogo José Mármol. |
| 260 |
_aPuerto Plata, República Dominicana : _bBúho, _c2006. |
||
| 300 |
_a109 p. : _bil. ; _c22 cm. |
||
| 590 | _aInventariado, 2018/VM | ||
| 650 | 0 |
_aPoesía dominicana _966 |
|
| 650 | 0 |
_aLiteratura dominicana. _967 |
|
| 700 | 1 |
_aMármol, José, _d1960- _epról. _96454 |
|
| 910 | _aValidado. Control de calidad MMOLINA | ||
| 999 |
_c8817 _d8817 |
||